000 00458nam a22001217a 4500
008 230609b xxu||||| |||| 00| 0 eng d
082 _a100001493
245 _aReport of the Auditor-General on the Appropriation Accounts Other Public Accounts and the Accounts of the funds of the Republic of Kenya for the year 2012/2013
_cGovernment of Kenya
260 _aKenya
_bGovernment of Kenya
_c2013
300 _a589 p
710 _bGovernment of Kenya
942 _2ddc
_cBK
999 _c993
_d993